000 00661nam a22002177a 4500
003 UA-OsUOA
001 108703
007 ta
008 20141104b un ||||| |||| 00| 0 ukr d
100 _aШмаглій О.
090 _a330(477)
_bШ71
942 _cSA
040 _aUA-OsUOA
_bukr
_cUA-OsUOA
_dUA-OsUOA
245 _aСучасні особливості та пріоритети розвитку плодоовочевого комплексу України
300 _aС.17-22
955 _a0
041 _aukr
080 _a330(477)
773 0 _w108700
_tЕкономіст
_dК.
_d2014
_g9
650 7 _a330 Економіка взагалі
_2UDC
999 _c395296
_d395296